000
00229nam a22000857a 4500
008
160926b xxu||||| |||| 00| 0 eng d
100
_9
769
_a
Agarwal.R.L
245
_a
English Communicative-X
260
_a
New Delhi
_b
ABD Publications
_c
2011
999
_c
3425
_d
3425